LEADER 00987nam0-2200313---450- 001 990009223870403321 005 20100917111505.0 010 $a978-88-348-9453-8 035 $a000922387 035 $aFED01000922387 035 $a(Aleph)000922387FED01 035 $a000922387 100 $a20100917d2009----km-y0itay50------ba 101 0 $aita 102 $aIT 105 $ay-------001yy 200 1 $aCorso di diritto processuale civile$eIII-l'esecuzione forzata, i procedimenti speciali, i procedimenti di separazione e divorzio, i processi del lavoro e locatizio. L'arbitrato$fCrisanto Mandrioli 205 $a7° ed. 210 $aTorino$cGiappichelli$d2009 215 $a387 p.$d24 cm 300 $aEditio minor 700 1$aMandrioli,$bCrisanto$0227204 801 0$aIT$bUNINA$gREICAT$2UNIMARC 901 $aBK 912 $a990009223870403321 952 $aAA - 254/C$b14856$fDDRC 959 $aDDRC 996 $aCorso di diritto processuale civile$9224719 997 $aUNINA LEADER 00874nam0-2200313---450- 001 990008581330403321 005 20071113100034.0 010 $a88-348-5296-6 035 $a000858133 035 $aFED01000858133 035 $a(Aleph)000858133FED01 035 $a000858133 100 $a20071113d2005----km-y0itay50------ba 101 0 $aita 102 $aIT 105 $ay-------001yy 200 1 $a<>archivi della Chiesa cattolica$eprofili ecclesiastici$fGeraldina Boni 210 $aTorino$cGiappichelli$d[2005] 215 $aVII, 220 p.$d23 cm 676 $a344.45092$v19$zita 676 $a344.45092$v21$zita 700 1$aBoni,$bGeraldina$0240798 801 0$aIT$bUNINA$gRICA$2UNIMARC 901 $aBK 912 $a990008581330403321 952 $aII OO 17$b4874$fDCEC 959 $aDCEC 996 $aArchivi della Chiesa cattolica$9710645 997 $aUNINA